[Event "Titled Tuesday intern op 9th June"]
[Site "Chess.com INT"]
[Date "2020.06.09"]
[Round "3"]
[White "Thipsay, Praveen Mahadeo"]
[Black "Agrest, Inna"]
[Result "1/2-1/2"]
[WhiteElo "2376"]
[BlackElo "2284"]
[PlyCount "107"]
[EventDate "2020.06.09"]
[EventType "swiss (blitz)"]
[EventRounds "10"]
[EventCountry "USA"]
[SourceTitle "CBM 196 Extra"]
[Source "ChessBase"]
[SourceDate "2020.07.31"]
[SourceVersion "1"]
[SourceVersionDate "2020.07.31"]
[SourceQuality "1"]

1. e4 e5 2. Nf3 Nc6 3. Bb5 a6 4. Ba4 Nf6 5. 0-0 Bc5 6. d3 b5 7. Bb3 d6 8. c3 Bb6 9. Be3 Rb8 10. Nbd2 0-0 11. h3 Ne7 12. d4 Ng6 13. Bc2 c5 14. dxe5 dxe5 15. c4 Qe7 16. Qe2 Bd7 17. Bd3 Nh5 18. Nb3 Nhf4 19. Qc2 Nxd3 20. Qxd3 bxc4 21. Qxc4 Bb5 22. Qc3 Bxf1 23. Rxf1 Rfc8 24. Nbd2 h6 25. Nc4 f6 26. Rd1 Bc7 27. Rd5 Nf4 28. Bxf4 exf4 29. e5 fxe5 30. Ncxe5 Bxe5 31. Rxe5 Qf7 32. b3 c4 33. b4 Rb5 34. Re4 Rd5 35. Ne5 Qf5 36. Rxc4 Rxc4 37. Nxc4 Kh7 38. a4 Qe6 39. Kh2 Kh8 40. Na5 Qd6 41. Qc8+ Kh7 42. Qa8 f3+ 43. g3 Rd2 44. Qe4+ Kh8 45. Qxf3 Qxb4 46. Nc6 Qc5 47. Kg2 Rxf2+ 48. Qxf2 Qxc6+ 49. Qf3 Qxa4 50. Qf8+ Kh7 51. Qf5+ Kh8 52. Qf8+ Kh7 53. Qf5+ Kh8 54. Qf8+ 1/2-1/2

[Event "Titled Tuesday intern op 9th June"]
[Site "Chess.com INT"]
[Date "2020.06.09"]
[Round "6"]
[White "Thipsay, Praveen Mahadeo"]
[Black "Sargissyan, Sargis"]
[Result "1/2-1/2"]
[WhiteElo "2376"]
[BlackElo "2269"]
[PlyCount "111"]
[EventDate "2020.06.09"]
[EventType "swiss (blitz)"]
[EventRounds "10"]
[EventCountry "USA"]
[SourceTitle "CBM 196 Extra"]
[Source "ChessBase"]
[SourceDate "2020.07.31"]
[SourceVersion "1"]
[SourceVersionDate "2020.07.31"]
[SourceQuality "1"]

1. e4 e5 2. Nf3 Nc6 3. Bb5 a6 4. Ba4 Nf6 5. 0-0 Be7 6. Re1 b5 7. Bb3 d6 8. c3 0-0 9. h3 Bb7 10. d4 Re8 11. Nbd2 Bf8 12. Bc2 exd4 13. cxd4 Nb4 14. Bb1 c5 15. d5 c4 16. a3 Nd3 17. Bxd3 cxd3 18. Qb3 g6 19. Qxd3 Bg7 20. Rb1 a5 21. Nb3 b4 22. axb4 axb4 23. Bf4 Ba6 24. Qd2 Nxe4 25. Qxb4 Rb8 26. Qa4 Bb5 27. Qa5 Bd3 28. Qxd8 Rexd8 29. Na5 Bxb1 30. Rxb1 Rxb2 31. Re1 Nc3 32. Nc6 Ra8 33. Ne7+ Kh8 34. Ng5 Bf6 35. Nxf7+ Kg7 36. Nxd6 Ne2+ 37. Rxe2 Rxe2 38. Nc6 Re1+ 39. Kh2 g5 40. Bg3 Rd1 41. Nf5+ Kg6 42. Ne3 Rd3 43. d6 h5 44. Ne5+ Bxe5 45. Bxe5 Rd8 46. g4 R8xd6 47. Bxd6 Rxd6 48. Kg2 hxg4 49. hxg4 Ra6 50. Kf3 Rf6+ 51. Kg3 Rf7 52. Nf5 Rxf5 53. gxf5+ Kxf5 54. f3 Kf6 55. f4 gxf4+ 56. Kxf4 1/2-1/2

[Event "Titled Tuesday intern op 6th June"]
[Site "Chess.com INT"]
[Date "2020.06.02"]
[Round "4"]
[White "Chan, Yi Ren Daniel"]
[Black "Thipsay, Praveen Mahadeo"]
[Result "1-0"]
[WhiteElo "2316"]
[BlackElo "2376"]
[PlyCount "65"]
[EventDate "2020.06.02"]
[EventType "swiss (blitz)"]
[EventRounds "10"]
[EventCountry "USA"]
[SourceTitle "CBM 196 Extra"]
[Source "ChessBase"]
[SourceDate "2020.07.31"]
[SourceVersion "1"]
[SourceVersionDate "2020.07.31"]
[SourceQuality "1"]

1. d4 Nf6 2. Bf4 g6 3. Nc3 d5 4. e3 c6 5. h4 h5 6. Nf3 Bg4 7. Be2 Bxf3 8. Bxf3 Nbd7 9. Qe2 Qa5 10. 0-0-0 Bg7 11. Kb1 b5 12. Qd2 b4 13. Ne2 Qb6 14. Nc1 a5 15. Nd3 Rc8 16. Ne5 e6 17. g4 hxg4 18. Nxg4 Nxg4 19. Bxg4 Nf6 20. Bf3 c5 21. dxc5 Qxc5 22. Be5 Nh5 23. Bd4 Bxd4 24. exd4 Qd6 25. Rde1 Kf8 26. Re5 Ng7 27. h5 f6 28. Ree1 gxh5 29. Bxh5 Nxh5 30. Qe2 Qc7 31. Qxe6 Qxc2+ 32. Ka1 Rh7 33. Qxd5 1-0

[Event "Titled Tuesday intern op 6th June"]
[Site "Chess.com INT"]
[Date "2020.06.02"]
[Round "7"]
[White "Rozman, Levy"]
[Black "Thipsay, Praveen Mahadeo"]
[Result "1-0"]
[WhiteElo "2343"]
[BlackElo "2376"]
[PlyCount "43"]
[EventDate "2020.06.02"]
[EventType "swiss (blitz)"]
[EventRounds "10"]
[EventCountry "USA"]
[SourceTitle "CBM 196 Extra"]
[Source "ChessBase"]
[SourceDate "2020.07.31"]
[SourceVersion "1"]
[SourceVersionDate "2020.07.31"]
[SourceQuality "1"]

1. e4 e5 2. Nc3 Nc6 3. Bc4 Nf6 4. d3 Bb4 5. Nge2 d5 6. exd5 Nxd5 7. 0-0 Bxc3 8. bxc3 0-0 9. Rb1 Na5 10. Bb3 Nxb3 11. axb3 Bg4 12. f3 Be6 13. c4 Ne7 14. f4 exf4 15. Nxf4 Bd7 16. Bb2 Ng6 17. Bxg7 Kxg7 18. Nh5+ Kh8 19. Nf6 h6 20. Qd2 Kg7 21. Qc3 Kh8 22. Nxd7+ 1-0